• 首页
  • 本馆介绍
  • 公告通知
  • 最新文献
  • 馆藏检索
  • 电子资源
  • 读者导购
  • 参考咨询
  • 我的图书馆
  • 登录
  • 详细信息显示
  • 放入我的书架
  • 预约/预借图书
  • 作者相关作品
  • 分类相关作品
  • 丛书相关作品
  • 出版社相关作品

书目信息

  • 表格格式
  • 工作单格式
  • 卡片格式
题名:
五子棋
    
 
作者: 洪峰 , 洪益娟 编著
分册:  
出版信息: 南京   江苏凤凰科学技术出版社  2018
页数: 143页
开本: 24cm
丛书名: 一起做运动系列丛书
单 册:
中图分类: G891.9
科图分类:
主题词: 五子棋--基本知识
电子资源:
ISBN: 978-7-5537-9062-6
000 00921oam2 2200265 450
001 012001002299
005 20140926114740.0
010    @a978-7-5537-9062-6@dCNY28.00
100    @a20180513d2018 em y0chiy50 ea
101 0  @achi
102    @aCN@b320000
105    @ay z 000yy
106    @ar
200 1  @a五子棋@9wu zi qi@f洪峰,洪益娟编著
210    @a南京@c江苏凤凰科学技术出版社@d2018
215    @a143页@d24cm
225 1  @a一起做运动系列丛书
330    @a本书在介绍了五子棋的基本知识和走法、规则、常用术语等的基础上,介绍了五子棋的禁手和利用禁手治敌的方法,以及五子棋的黑白棋的基本技巧,直指和斜指的基本开局方法,重点介绍了连续冲四、一子双杀、追下等基本套路。
461  0 @12001 @a一起做运动系列丛书
606 0  @a五子棋@x基本知识
690    @aG891.9@v5
701  0 @a洪峰@9hong feng@4编著
701  0 @a洪益娟@9hong yi juan@4编著
801  0 @aCN@b上海新华@c20180901
905    @b1157800-4@dG891.9@e422@f5
    
    五子棋/洪峰,洪益娟编著.-南京:江苏凤凰科学技术出版社,2018
    143页;24cm.-(一起做运动系列丛书)
    
    
    ISBN 978-7-5537-9062-6:CNY28.00
    本书在介绍了五子棋的基本知识和走法、规则、常用术语等的基础上,介绍了五子棋的禁手和利用禁手治敌的方法,以及五子棋的黑白棋的基本技巧,直指和斜指的基本开局方法,重点介绍了连续冲四、一子双杀、追下等基本套路。
●
相关链接 在E读中查询图书 在五车中查询图书 在当当中查询图书 在豆瓣中查询图书


正题名:五子棋     索取号:G891.9/422         预约/预借

序号 登录号 条形码 馆藏地/架位号 状态 备注
1 1157800   211578005   第一样本阅览室/ [索取号:G891.9/422] 在馆    
2 1157801   211578014   第四借阅区/ [索取号:G891.9/422] 在馆    
3 1157802   211578023   第四借阅区/ [索取号:G891.9/422] 在馆    
4 1157803   211578032   第四借阅区/ [索取号:G891.9/422] 在馆    
5 1157804   211578041   第四借阅区/ [索取号:G891.9/422] 在馆    
唐山师范学院图书馆 欢迎您!
大连网信软件有限公司© 版权所有